Symboly obce a štátne symboly v podmienkach obcí
Právna úprava symbolov obce a štátnych symbolov používaných v podmienkach obcí. Vymedzenie symbolov obce, súvisiace príklady z praxe, právne prostriedky ochrany symbolov obce. Štátne symboly v podmienkach samosprávy.
Gespeichert in:
| 1. Verfasser: | |
|---|---|
| Format: | Buchkapitel |
| Sprache: | Slowakisch |
| Schlagworte: | |
| Tags: |
Keine Tags, Fügen Sie das erste Tag hinzu!
|
MARC
| LEADER | 00000naa a2200000 4500 | ||
|---|---|---|---|
| 001 | 0277199 | ||
| 005 | 20210713084151.1 | ||
| 041 | 0 | |a slo | |
| 044 | |a SK | ||
| 245 | 1 | 0 | |a Symboly obce a štátne symboly v podmienkach obcí |c Anton Ukropec |
| 520 | |a Právna úprava symbolov obce a štátnych symbolov používaných v podmienkach obcí. Vymedzenie symbolov obce, súvisiace príklady z praxe, právne prostriedky ochrany symbolov obce. Štátne symboly v podmienkach samosprávy. | ||
| 610 | 2 | 0 | |a symboly |
| 610 | 2 | 0 | |a úpravy právne |
| 610 | 2 | 0 | |a obce |
| 610 | 2 | 0 | |a samospráva |
| 610 | 2 | 0 | |a heraldika |
| 100 | 1 | |a Ukropec, Anton | |